[Event "Daventry 4NCL op-B 30th"]
[Site "Daventry"]
[Date "2023.06.17"]
[Round "3"]
[White "Vaidyanathan, Adithya"]
[Black "Mehta, Sophie"]
[Result "1-0"]
[WhiteElo "1861"]
[BlackElo "1464"]
[PlyCount "67"]
[EventDate "2023.06.16"]
[EventType "swiss"]
[EventRounds "5"]
[EventCountry "ENG"]
[SourceTitle "CBM 215 Extra"]
[Source "ChessBase"]
[SourceDate "2023.09.30"]
[SourceVersion "1"]
[SourceVersionDate "2023.09.30"]
[SourceQuality "1"]

1. Nf3 Nf6 2. d4 g6 3. c4 Bg7 4. Nc3 d5 5. cxd5 Nxd5 6. e4 Nxc3 7. bxc3 c5 8. Bb5+ Bd7 9. Bxd7+ Nxd7 10. 0-0 0-0 11. Be3 cxd4 12. cxd4 Nf6 13. e5 Nd5 14. Bd2 Rc8 15. Qb3 Nb6 16. Rac1 Qd5 17. Qxd5 Nxd5 18. Rb1 b6 19. Rfc1 e6 20. Ng5 Bh6 21. f4 Rfd8 22. g3 Ne7 23. Be3 Nf5 24. Kf2 Rxc1 25. Rxc1 Nxd4 26. Ne4 Bf8 27. g4 h6 28. Rc4 Nb5 29. a4 Na3 30. Rc7 Ra8 31. Nd6 f6 32. Ne4 fxe5 33. Nf6+ Kh8 34. Rh7# 1-0

[Event "BCF-chT4 2223 (4NCL)"]
[Site "England"]
[Date "2023.02.05"]
[Round "6.101"]
[White "Mehta, Sophie"]
[Black "Jones, Robert L"]
[Result "0-1"]
[WhiteElo "1391"]
[BlackElo "1679"]
[PlyCount "62"]
[EventDate "2022.11.05"]
[EventType "team-swiss"]
[EventRounds "11"]
[EventCountry "ENG"]
[SourceTitle "EXT 2024"]
[Source "ChessBase"]
[SourceDate "2023.10.10"]
[SourceVersion "1"]
[SourceVersionDate "2023.10.10"]
[SourceQuality "1"]
[WhiteTeam "She Plays to Win Young Stars"]
[BlackTeam "Iceni III"]
[WhiteTeamCountry "ENG"]
[BlackTeamCountry "ENG"]

1. d4 Nf6 2. Bf4 g6 3. e3 Bg7 4. Nf3 d6 5. Nbd2 0-0 6. c3 Nc6 7. Be2 Nd7 8. 0-0 e5 9. Bg3 a6 10. a4 Kh8 11. dxe5 dxe5 12. Ne4 h6 13. Nh4 Kh7 14. f4 f5 15. Nf2 e4 16. Bc4 Qe8 17. Be2 Qe6 18. b3 Na5 19. b4 Nc6 20. b5 axb5 21. axb5 Rxa1 22. Qxa1 Ne7 23. Nh3 Qf6 24. Be1 Nd5 25. g4 fxg4 26. Bxg4 Nxe3 27. Bxd7 Bxd7 28. Rf2 Bxh3 29. Qa7 Ng4 30. Re2 Qxf4 31. Bf2 Qxh2# 0-1

[Event "BCF-chT4 2223 (4NCL)"]
[Site "England"]
[Date "2023.01.08"]
[Round "4.111"]
[White "Perchard, Matthew"]
[Black "Mehta, Sophie"]
[Result "1/2-1/2"]
[WhiteElo "1506"]
[BlackElo "1391"]
[PlyCount "69"]
[EventDate "2022.11.05"]
[EventType "team-swiss"]
[EventRounds "11"]
[EventCountry "ENG"]
[SourceTitle "EXT 2024"]
[Source "ChessBase"]
[SourceDate "2023.10.10"]
[SourceVersion "1"]
[SourceVersionDate "2023.10.10"]
[SourceQuality "1"]
[WhiteTeam "Celtic Tigers III"]
[BlackTeam "She Plays to Win Young Stars"]
[WhiteTeamCountry "ENG"]
[BlackTeamCountry "ENG"]

1. e4 c5 2. Nf3 d6 3. c3 g6 4. d4 cxd4 5. cxd4 Bg7 6. Nc3 Bg4 7. Be3 Nf6 8. Be2 0-0 9. 0-0 Bxf3 10. Bxf3 Nc6 11. Qd2 Nd7 12. Be2 a6 13. Rac1 Re8 14. d5 Na7 15. Rc2 e6 16. dxe6 Rxe6 17. Rfc1 Nc5 18. Bxc5 dxc5 19. Qxd8+ Rxd8 20. f3 f5 21. Bc4 Kf7 22. Bxe6+ Kxe6 23. Kf1 Bh6 24. Rd1 Rxd1+ 25. Nxd1 b6 26. exf5+ Kxf5 27. Nc3 Nc6 28. Ne2 Nb4 29. Ng3+ Kf6 30. Ne4+ Ke5 31. Re2 Kd4 32. a3 Nd5 33. h4 Bc1 34. Nd2 Kd3 35. Ne4 1/2-1/2